Proč je inzerce neúčinná?
Väčšina podnikov je nespokojná s návratnosťou svojích investícií do reklamy. Príčiny neúčinnosti reklamy pomocou inzerátov. Možnosti top managementu znovuoživiť inzeráty.
Guardado en:
| Formato: | Capítulo de libro |
|---|---|
| Lenguaje: | checo |
| Materias: | |
| Etiquetas: |
Sin Etiquetas, Sea el primero en etiquetar este registro!
|
MARC
| LEADER | 00000naa a2200000 4500 | ||
|---|---|---|---|
| 001 | r040185 | ||
| 005 | 20231002100916.2 | ||
| 041 | 0 | |a cze | |
| 044 | |a CZ | ||
| 245 | 1 | 0 | |a Proč je inzerce neúčinná? |
| 520 | |a Väčšina podnikov je nespokojná s návratnosťou svojích investícií do reklamy. Príčiny neúčinnosti reklamy pomocou inzerátov. Možnosti top managementu znovuoživiť inzeráty. | ||
| 610 | 2 | 0 | |a propagácia |
| 610 | 2 | 0 | |a reklama |
| 610 | 2 | 0 | |a inzercia |
| 610 | 2 | 0 | |a manažéri |
| 610 | 2 | 0 | |a podnik |
| 610 | 2 | 0 | |a investície |
| 610 | 2 | 0 | |a návratnosť investícií |